Bir emniyet müdürünün kaleminden çözüm süreci (Record no. 809)

MARC details
000 -BAŞLIK
Sabit Uzunlukta Kontrol Alanı 00639na a2200229 4500
001 - KONTROL NUMARASI
Denetim Alanı 23170
003 - KONTROL NUMARASI IDENTIFIER
Denetim Alanı MIRAKIL
005 - SON İŞLEM TARİHİ VE ZAMANI
Denetim Alanı 20181213154802.0
008 - SABİT-BOY VERİ ELEMANLARI - GENEL BİLGİLER
Sabit Uzunlukta Kontrol Alanı 181023b tu 000 0
020 ## - ULUSLARARASI STANDART KİTAP NUMARASI
Uluslararası Standart Kitap Numarası 9786059833080
040 ## - KATALOGLAMA KAYNAK
Orijinal Kataloglama Ajansı Milas
Kataloglama Dili tur
Metne Dönüştürmek Ajansı TR-AnCHP
041 ## - DİL KODU
Metin / Ses Parça Veya Ayrı Başlığın Dil Kodu tur
082 ## - DEWEY ONLU SINIFLANDIRMA NUMARASI
Sınıflandırma Numarası 320.9561
Ürün Numarası U62b 2015
090 ## - SINIFLAMA NUMARASI
Sınıflama Numarası 320.9561 U62b 2015
100 ## - ANA GİRİŞ - KİŞİSEL İSİM
Kişisel Ad Ural, İbrahim
245 ## - BAŞLIK TABLOSU
Başlık Bir emniyet müdürünün kaleminden çözüm süreci
Sorumluluk Tablosu, Vb İbrahim Ural
260 ## - YAYIN, DAĞITIM, VB
Yayın, Dağıtım, Vb Yeri İstanbul
Yayıncı, Dağıtıcı, Vs Adı İleri Yayınları
Yayın, Dağıtım, Vb Tarihi 2015
300 ## - FİZİKSEL TANIM
Kapsam 159 s.
Boyutlar 19 sm.
440 ## - SERİSİ TABLOSU / KATMA GİRİŞİ - BAŞLIK
Başlık İleri yayınları
Hacim / Ardışık Tanımı 288
650 ## - KONU KATMA GİRİŞ - TOPİKAL DÖNEM
Topikal Süreli Veya Coğrafi Ad Giriş Elemanı Siyaset ve yönetim
Genel Alt Bölümü Türkiye
942 ## - EKLENDİ GİRİŞ ELEMANLARI (KOHA)
Sınıflandırma Veya Raf Düzeni Kaynak Dewey Decimal Classification
Koha Öğesi Türü Books
999 ## - SİSTEM KONTROL NUMARALARI (KOHA)
Koha Biblionumber 809
Koha Biblioitemnumber 809
Holdings
Kalıcı Konum Mevcut Konum Edinme Tarihi Edinim Kaynak Toplam Check-Out'Lar Tam Çağrı Numarası Barkod Tarih Son Görülme İtibaren Geçerli Fiyatlar Koha Öğesi Türü
CHP Kütüphanesi CHP Kütüphanesi 08/01/2017 Bağış   320.9561 U62b 2015 017149 08/01/2017 08/01/2017 Books